000 00418nam a2200157Ia 4500
008 230917s9999||||xx |||||||||||||| ||und||
020 _cRS10
040 _e7019
_aMAIN
041 _aEnglish
082 _a320.50954 G748S
100 _aGoel, O P
245 0 _aStudies in modern Indian political thought: The moderates and the extremists
260 _aAllehabad
_bKitab Mahal
_c1964
300 _a113 p.
942 _cBK
999 _c47908
_d47908